Score 0/106 Timer 10:00
0 Plays Today
Season Contestant % Correct
Season FourChris March
92.7%
Season FourChristian Siriano
92%
Season OneJay McCarroll
88.3%
Season OneDaniel Franco
87.5%
Season TwoDaniel Vosovic
87.5%
Season TwoDaniel Franco
87.5%
Season FiveDaniel Feld
87.5%
Season ThreeKeith Michael
86.8%
Season TwoChloe Dao
86.4%
Season ThreeMichael Knight
84.9%
Season ThreeJeffrey Sebelia
83.9%
Season TwoSantino Rice
83.5%
Season OneKara Saun
83%
Season TwoKara Janx
82%
Season OneWendy Pepper
80.5%
Season ThreeLaura Bennett
80.3%
Season OneAustin Scarlett
79.7%
Season FiveLeanne Marshall
78.7%
Season SixIrina Shabayeva
77.8%
Season ThreeUli Herzner
77.2%
Season SevenJay Nicolas Sario
76.6%
Season FourRami Kashou
75.1%
Season TwoNick Verreos
73.2%
Season FiveKenley Collins
71.6%
Season FiveKorto Momolu
70.9%
Season FourJillian Lewis
70.5%
Season TwoJohn Wade
68.8%
Season SixCarol Hannah Whitfield
68%
Season SixAlthea Harper
67.4%
Season ThreeRobert Best
67.2%
Season OneRobert Plotkin
67%
Season FourKathleen 'Sweet P' Vaughn
65.7%
Season OneKevin Johnn
62.8%
Season ThreeAngela Keslar
62.5%
Season SevenSeth Aaron Henderson
61.5%
Season TwoAndrae Gonzalo
59.8%
Season Contestant % Correct
Season SixChristopher Straub
59.6%
Season FourKevin Christiana
59.4%
Season ThreeKayne Gillaspie
58.6%
Season ThreeVincent Libretti
58%
Season ThreeAlison Kelly
57.1%
Season FourJack Mackenroth
56.3%
Season FiveKeith Bryce
56.1%
Season SixLogan Neitzel
56.1%
Season FiveStephen 'Suede' Baum
55.4%
Season TwoDiana Eng
54.2%
Season FourChristina 'Kit Pistol' Scarbo
53.6%
Season FiveJerell Scott
52.9%
Season OneAlexandra Vidal
52.5%
Season FiveStella Zotis
50.6%
Season SixGordana Gehlhausen
50.2%
Season SixRodney Epperson
49.8%
Season TwoZulema Griffin
49.6%
Season SevenMila Hermanovski
49.6%
Season SevenEmilio Sosa
49.4%
Season TwoHeidi Standridge
48.9%
Season SevenAnthony Williams
48.7%
Season OneNora Caliguri
48.5%
Season OneStarr Ilzhoefer
47.5%
Season FiveJoe Faris
47.5%
Season SixShirin Askari
46.9%
Season TwoEmmett McCarthy
45.2%
Season TwoMarla Duran
45.2%
Season SixNicolas Putvinski
45.2%
Season FiveJennifer Diederich
44.8%
Season SevenMaya Luz
44.8%
Season OneMario Cadenas
44.6%
Season FiveBlayne Walsh
44.1%
Season OneVanessa Riley
43.7%
Season FourRicky Lizalde
43.3%
Season SixAri Fish
43.3%
Season FourElisa Jimenez
42.9%
Season Contestant % Correct
Season FourSteven Rosengard
42.9%
Season SixRa'mon Lawrence Coleman
42.5%
Season SixMitchell Hall
42%
Season TwoGuadalupe Vidal
41.8%
Season FourVictorya Hong
41.8%
Season FiveEmily Brandle
41.4%
Season FiveWesley Nault
41%
Season SevenPing Wu
40.8%
Season ThreeKatherine Gerdes
39.7%
Season ThreeMalan Breton
39.7%
Season SixLouise Black
39.5%
Season FiveTerri Stevens
39.3%
Season FourMarion Lee
39.1%
Season ThreeBradley Baumkirchner
38.7%
Season SevenAmy Sarabi
37.7%
Season FiveJerry Tam
37.5%
Season TwoRaymundo Baltazar
37.2%
Season ThreeBonnie Dominguez
37.2%
Season FourCarmen Webber
35.8%
Season SevenJonathan Peters
34.9%
Season TwoKirsten Ehrig
34.7%
Season ThreeStacey Estrella
34.7%
Season FiveKelli Martin
34.7%
Season FourSimone LeBlanc
34.3%
Season SixMalvin Vien
34.3%
Season SixJohnny Sakalis
33.5%
Season SixQristyl Frazier
33.3%
Season SevenBen Chmura
31.6%
Season SevenAnna Lynett
31.2%
Season SevenJesse LeNoir
30.5%
Season SevenJesus Estrada
28.4%
Season SevenChristiane King
25.7%
Season SevenPamela Ptak
24.1%
Season SevenJaneane Marie Ceccanti
20.7%
Remove Ads.
Support Sporcle.
Get the best of Sporcle when you Go Orange. This ad-free experience offers more features, more stats, and more fun while also helping to support Sporcle. Thank you for becoming a member.

You're not logged in!

Compare scores with friends on all Sporcle quizzes.
OR
Log In

Show Comments

Extras

Top Quizzes Today


Score Distribution

Your Account Isn't Verified!

In order to create a playlist on Sporcle, you need to verify the email address you used during registration. Go to your Sporcle Settings to finish the process.

Report this User

Report this user for behavior that violates our Community Guidelines.

Details: